000 00831cab a2200265 4500
001 ABS47308
008 090401t1992 xxu||||| |||| 00| 0 eng d
035 _a(Sirsi) u61540
041 _aeng
245 _aMore gain without too much of the pain
260 _c1992
350 _a0
490 _aProperty Confidential
_v(446) October 1992, 9-12(4)
520 _aConsiders the effects that local plans can have on existing property and suggests action that should be taken by developers.
650 _aDOE CIRCULAR 15/1992
650 _aLOCAL DEVELOPMENT PLANS
650 _aPLANNING POLICY GUIDANCE NOTE 1
650 _aPLANNING POLICY GUIDANCE NOTE 3
650 _aPLANNING POLICY GUIDANCE NOTES
650 _aPPG1
650 _aPPG3
690 _aPLANNING LAW AND PRACTICE
942 _n0
948 _c04/03/1997
999 _c38150
_d38150